[Event "CAN-ch U10"]
[Site "Windsor"]
[Date "2016.07.08"]
[Round "6.96"]
[White "Yuan, Kevin"]
[Black "Brassard, Mathieu"]
[Result "1-0"]
[WhiteElo "979"]
[BlackElo "876"]
[PlyCount "49"]
[EventDate "2016.07.05"]
[EventType "swiss"]
[EventRounds "7"]
[EventCountry "CAN"]
[SourceTitle "EXT 2022"]
[Source "ChessBase"]
[SourceDate "2021.10.06"]
[SourceVersion "1"]
[SourceVersionDate "2021.10.06"]
[SourceQuality "1"]

1. e4 c5 2. Nf3 Nc6 3. Bb5 a6 4. Bxc6 dxc6 5. 0-0 e6 6. Nc3 g5 7. d3 g4 8. Ne5 f6 9. Nxg4 f5 10. exf5 exf5 11. Re1+ Be7 12. Ne5 Nf6 13. Bg5 Rg8 14. Bxf6 Bxf6 15. Nxc6+ Be7 16. Nxd8 Kxd8 17. Qe2 Re8 18. Nd5 Kd7 19. Nxe7 Kc7 20. Nd5+ Kd7 21. Qxe8+ Kd6 22. Qe5+ Kc6 23. Ne7+ Kb5 24. a4+ Kb4 25. Qc3# 1-0

[Event "CAN-ch U10"]
[Site "Windsor"]
[Date "2016.07.06"]
[Round "2.99"]
[White "Brassard, Mathieu"]
[Black "Zaid, Daniyal"]
[Result "0-1"]
[WhiteElo "876"]
[BlackElo "584"]
[PlyCount "42"]
[EventDate "2016.07.05"]
[EventType "swiss"]
[EventRounds "7"]
[EventCountry "CAN"]
[SourceTitle "EXT 2022"]
[Source "ChessBase"]
[SourceDate "2021.10.06"]
[SourceVersion "1"]
[SourceVersionDate "2021.10.06"]
[SourceQuality "1"]

1. e4 e5 2. Qf3 Nh6 3. Bc4 f6 4. Qh5+ g6 5. Qf3 Bg7 6. Bb3 Nc6 7. Qc3 d6 8. Qc4 Bd7 9. d3 Qe7 10. Nc3 0-0-0 11. Nd5 Qe8 12. Bxh6 Bxh6 13. Nxf6 Qe7 14. Nd5 Qg5 15. Rd1 Bg4 16. f3 Bh3 17. Nxh3 Qxg2 18. Rf1 Qxh3 19. Ba4 Qh4+ 20. Rf2 Rhf8 21. Qd4 Nxd4 0-1